<?xml version="1.0" encoding="UTF-8"?>
<record
    xmlns:xsi="http://www.w3.org/2001/XMLSchema-instance"
    xsi:schemaLocation="http://www.loc.gov/MARC21/slim http://www.loc.gov/standards/marcxml/schema/MARC21slim.xsd"
    xmlns="http://www.loc.gov/MARC21/slim">

  <leader>02997nam a2200325 a 4500</leader>
  <controlfield tag="003">CHAP</controlfield>
  <controlfield tag="005">20230314185200.0</controlfield>
  <controlfield tag="007">ta</controlfield>
  <controlfield tag="008">230314s2018    -usado|f |||| 001 0 eng d</controlfield>
  <datafield tag="020" ind1=" " ind2=" ">
    <subfield code="a">978-1-138-09226-6</subfield>
  </datafield>
  <datafield tag="040" ind1=" " ind2=" ">
    <subfield code="a">mxchpua</subfield>
    <subfield code="c">CHAP</subfield>
    <subfield code="e">rda</subfield>
  </datafield>
  <datafield tag="050" ind1="1" ind2="0">
    <subfield code="a">T57.74</subfield>
    <subfield code="b">.M57 2018</subfield>
  </datafield>
  <datafield tag="082" ind1="0" ind2="0">
    <subfield code="a">519.72028553</subfield>
    <subfield code="b">M57 2018</subfield>
    <subfield code="2">20</subfield>
  </datafield>
  <datafield tag="100" ind1="1" ind2=" ">
    <subfield code="9">186400</subfield>
    <subfield code="a">Mishra, Shashi Kant</subfield>
    <subfield code="e">autor</subfield>
  </datafield>
  <datafield tag="245" ind1="1" ind2="0">
    <subfield code="a">Introduction to linear programming with MATLAB /</subfield>
    <subfield code="c">Shashi Kant Mishra y Bhagwat Ram</subfield>
  </datafield>
  <datafield tag="250" ind1=" " ind2=" ">
    <subfield code="a">1a edici&#xF3;n</subfield>
  </datafield>
  <datafield tag="264" ind1=" " ind2=" ">
    <subfield code="a">Boca Raton :</subfield>
    <subfield code="b">Taylor &amp; Francis, CRC Press,</subfield>
    <subfield code="c">2018</subfield>
  </datafield>
  <datafield tag="300" ind1=" " ind2=" ">
    <subfield code="a">xiii, 313 p&#xE1;ginas :</subfield>
    <subfield code="b">ilustraciones, gr&#xE1;ficas, tablas, fotos</subfield>
  </datafield>
  <datafield tag="336" ind1=" " ind2=" ">
    <subfield code="2">rdacontent</subfield>
    <subfield code="a">texto</subfield>
    <subfield code="b">txt</subfield>
  </datafield>
  <datafield tag="337" ind1=" " ind2=" ">
    <subfield code="2">rdamedia</subfield>
    <subfield code="a">sin medio</subfield>
    <subfield code="b">n</subfield>
  </datafield>
  <datafield tag="338" ind1=" " ind2=" ">
    <subfield code="2">rdacarrier</subfield>
    <subfield code="a">volumen</subfield>
    <subfield code="b">nc</subfield>
  </datafield>
  <datafield tag="504" ind1=" " ind2=" ">
    <subfield code="a">Bibliograf&#xED;a: p&#xE1;gina 309</subfield>
  </datafield>
  <datafield tag="505" ind1="0" ind2=" ">
    <subfield code="a">Introduction --

1. Vector Spaces and Matrices. --
Vector. --
Matrix. --
Linear Equations. --
Matrix Inversion. --
Eigen values and Eigen vectors. --
Exercises. --

2. MATLAB. --
Introduction. --
Basic feature. --
Basic Operations in MATLAB. --
Selection Statements and Loop Statements. --
User Defined Function. --
MATLAB Functions Defined in This Book. --
Exercises. --

3. Introduction to Linear Programming. --
Introduction. --
Simple Examples of Linear programs. --
Convex Sets. --
Graphical Solution of Linear Programming problem. --
Exercises. --
Contents. --

4. The Simplex Method. --
Standard Form of Linear Programming Problem. --
Basic Solutions. --
Properties of Basic Solutions. --
Simplex Algorithm. --
Two Phase Simplex Method. --
Exercises. --

5. The Revised Simplex Method. --
Introduction. --
Matrix Form of the Revised Simplex Method. --
The Revised Simplex Algorithm. --
Exercise. --

6. Duality. --
Dual Linear Programs. --
Properties of Dual Problems. --
The Dual Simplex Method. --
Exercises. --

7. The Transportation Problem. --
Introduction. --
Balanced Transportation Problem. --
North West Corner Method. --
Least Cost Method. --
Vogel's Approximation Method. --
Optimal Solution from BFS. --
Exercises. --

8. The Assignment Problem. --
Introduction. --
Hungarian Method. --
Exercises. --

Answer Keys. --
Bibliography. --
Index</subfield>
  </datafield>
  <datafield tag="520" ind1="2" ind2=" ">
    <subfield code="a">Introduction to Linear Programming with MATLAB is based on the lecture notes the author delivered to students at the Institute of Science, Banaras Hindu University, India. It covers simplex, revised simplex, two-phase method, duality, dual simplex, complementary slackness, transportation, and assignment problems with good number of examples, clear proofs, MATLAB codes, and homework problems. The book will be useful for both students and practitioners.

The book includes an introductory chapter to MATLAB and 38 solved examples using MATLAB.</subfield>
  </datafield>
  <datafield tag="650" ind1="1" ind2="3">
    <subfield code="9">142417</subfield>
    <subfield code="a">MATLAB</subfield>
  </datafield>
  <datafield tag="650" ind1="1" ind2="3">
    <subfield code="9">186401</subfield>
    <subfield code="a">Procesador de datos</subfield>
  </datafield>
  <datafield tag="650" ind1="1" ind2="3">
    <subfield code="9">147315</subfield>
    <subfield code="a">Data processing</subfield>
  </datafield>
  <datafield tag="700" ind1="1" ind2=" ">
    <subfield code="9">186402</subfield>
    <subfield code="a">Ram, Bhagwat</subfield>
    <subfield code="e">autor</subfield>
  </datafield>
  <datafield tag="942" ind1=" " ind2=" ">
    <subfield code="2">ddc</subfield>
    <subfield code="c">Libro</subfield>
  </datafield>
  <datafield tag="999" ind1=" " ind2=" ">
    <subfield code="c">218537</subfield>
    <subfield code="d">218537</subfield>
  </datafield>
  <datafield tag="952" ind1=" " ind2=" ">
    <subfield code="0">0</subfield>
    <subfield code="1">0</subfield>
    <subfield code="2">ddc</subfield>
    <subfield code="4">0</subfield>
    <subfield code="5">1</subfield>
    <subfield code="7">0</subfield>
    <subfield code="8">GRAL</subfield>
    <subfield code="a">IA_</subfield>
    <subfield code="b">IA_</subfield>
    <subfield code="d">2021-12-07</subfield>
    <subfield code="e">Compra Carvann Books F. C20</subfield>
    <subfield code="i">C/e 1350</subfield>
    <subfield code="l">0</subfield>
    <subfield code="o">519.72028553 M57 2018</subfield>
    <subfield code="p">1102005567</subfield>
    <subfield code="r">2023-03-14 00:00:00</subfield>
    <subfield code="t">Ej. 1</subfield>
    <subfield code="w">2023-03-14</subfield>
    <subfield code="y">LIBRO</subfield>
  </datafield>
  <datafield tag="952" ind1=" " ind2=" ">
    <subfield code="0">0</subfield>
    <subfield code="1">0</subfield>
    <subfield code="2">ddc</subfield>
    <subfield code="4">0</subfield>
    <subfield code="5">1</subfield>
    <subfield code="7">0</subfield>
    <subfield code="8">GRAL</subfield>
    <subfield code="a">IA_</subfield>
    <subfield code="b">IA_</subfield>
    <subfield code="d">2021-12-07</subfield>
    <subfield code="e">Compra Carvann Books F. C20</subfield>
    <subfield code="i">C/e 1351</subfield>
    <subfield code="l">0</subfield>
    <subfield code="o">519.72028553 M57 2018</subfield>
    <subfield code="p">1102005568</subfield>
    <subfield code="r">2023-03-14 00:00:00</subfield>
    <subfield code="t">Ej. 2</subfield>
    <subfield code="w">2023-03-14</subfield>
    <subfield code="y">LIBRO</subfield>
  </datafield>
</record>
